La solución de problemas (Record no. 16573)

MARC details
000 -LEADER
campo de control de longitud fija 01336nam a2200397 a 4500
003 - IDENTIFICADOR DE NÚMERO DE CONTROL
campo de control AR-BaBNM
005 - FECHA Y HORA DE LA ÚLTIMA TRANSACCIÓN
campo de control 20251128210720.0
008 - DATOS DE LONGITUD FIJA--INFORMACIÓN GENERAL
campo de control de longitud fija 082120s2002 ||||||||||||||000 | spa||
020 ## - NÚMERO INTERNACIONAL ESTÁNDAR DEL LIBRO
Número Internacional Estándar del Libro 950-46-0460-9
040 ## - FUENTE DE CATALOGACIÓN
Centro/agencia transcriptor AR-BaBNM
245 00 - MENCIÓN DEL TÍTULO
Título La solución de problemas
250 ## - MENCION DE EDICION
Mención de edición 1ª ed.
260 ## - PUBLICACIÓN, DISTRIBUCIÓN, ETC.
Lugar de publicación, distribución, etc. Buenos Aires
Nombre del editor, distribuidor, etc. Santillana
Fecha de publicación, distribución, etc. 1999
300 ## - DESCRIPCIÓN FÍSICA
Extensión 230 p.
Otros detalles físicos tablas
490 #0 - MENCIÓN DE SERIE
Mención de serie Aula XXI
Designación de volumen o secuencia v. 57
500 ## - NOTA GENERAL
Nota general Tirada especial para la Red Federal de Formación Docente Continua, Ministerio de Cultura y Educación de la Nación
500 ## - NOTA GENERAL
Nota general Contiene referencias bibliográficas, índice de nombres e índice temático
650 #4 - PUNTO DE ACCESO ADICIONAL DE MATERIA--TÉRMINO DE MATERIA
Término de materia o nombre geográfico como elemento de entrada METODOS DE ENSEÑANZA
650 #4 - PUNTO DE ACCESO ADICIONAL DE MATERIA--TÉRMINO DE MATERIA
Término de materia o nombre geográfico como elemento de entrada DIDACTICA
650 #4 - PUNTO DE ACCESO ADICIONAL DE MATERIA--TÉRMINO DE MATERIA
Término de materia o nombre geográfico como elemento de entrada ENSEÑANZA DE LAS CIENCIAS SOCIALES
650 #4 - PUNTO DE ACCESO ADICIONAL DE MATERIA--TÉRMINO DE MATERIA
Término de materia o nombre geográfico como elemento de entrada ENSEÑANZA DE LAS MATEMATICAS
650 #4 - PUNTO DE ACCESO ADICIONAL DE MATERIA--TÉRMINO DE MATERIA
Término de materia o nombre geográfico como elemento de entrada SOLUCION DE PROBLEMAS
651 #4 - PUNTO DE ACCESO ADICIONAL DE MATERIA--NOMBRE GEOGRÁFICO
Nombre geográfico España
653 ## - TÉRMINO DE INDIZACIÓN--NO CONTROLADO
Término no controlado APRENDER A APRENDER
653 ## - TÉRMINO DE INDIZACIÓN--NO CONTROLADO
Término no controlado CONTENIDOS PROCEDIMENTALES
653 ## - TÉRMINO DE INDIZACIÓN--NO CONTROLADO
Término no controlado ESTRATEGIAS DIDACTICAS
653 ## - TÉRMINO DE INDIZACIÓN--NO CONTROLADO
Término no controlado ENSEÑANZA DE LAS CIENCIAS NATURALES
700 1# - ENTRADA AGREGADA--NOMBRE PERSONAL
Nombre de persona Pozo Municio, Juan Ignacio
Término indicativo de función/relación coordinador
700 1# - ENTRADA AGREGADA--NOMBRE PERSONAL
Nombre de persona Pérez Echeverría, María del Puy
700 1# - ENTRADA AGREGADA--NOMBRE PERSONAL
Nombre de persona Domínguez Castillo, Jesús
700 1# - ENTRADA AGREGADA--NOMBRE PERSONAL
Nombre de persona Gómez Crespo, Miguel Angel
700 1# - ENTRADA AGREGADA--NOMBRE PERSONAL
Nombre de persona Postigo Angón, Yolanda
800 1# - PUNTO DE ACCESO ADICIONAL DE SERIE--NOMBRE DE PERSONA
Nombre de persona Mascaró Florit, Jaime
Término indicativo de función/relación director
942 ## - ELEMENTOS DE ENTRADA SECUNDARIOS (KOHA)
Tipo de ítem Koha Libros
998 ## - INFORMACIÓN DE CONTROL LOCAL (RLIN)
Iniciales del catalogador, CIN (RLIN) RAQUEL
Holdings
Estatus retirado Estado de pérdida Fuente de la clasificación o esquema de estantería Estado de daño Restricciones de uso No para préstamo Biblioteca de origen Biblioteca actual Fecha de adquisición Total de préstamos Signatura topográfica completa Código de barras Visto por última vez Precio de reemplazo Tipo de ítem Koha
    Clasificación Decimal Dewey   Acceso restringido No para préstamo Liberty Liberty 28/11/2025   37.02 POZO 125257 28/11/2025 28/11/2025 Libros